00425nam a2200157Ia 4500008004100000020001800041041000800059082001600067100001200083245003500095260003800130300000900168500006000177650001800237700001200255230125s9999 xx 000 0 und d a1-86508-963-X aeng a651.75bBRO aBrown R aMaking Business Writing Happen c2003bViva publicationaNew Delhi a123p aBusiness letters;Letter writing;Business correspondence aCommunication aBrown R